000 00863nam a22002897a 4500
003 CHAP
005 20220817044440.0
008 110523s2009 it ad rn 00110 fre d
010 _a101273
011 _a102245
020 _a9789252054085
035 _a112933
040 _cCHAP
082 0 4 _a635
_bF33f
110 2 _aFAO
245 1 0 _aCréer et diriger un jardin scolaire :
_bmanuel destiné aux professeurs, parents et communautés
_c/por FAO
260 _aRome :
_bFAO,
_c2009
300 _ax, 206 p. :
_bilus.
590 _aBATCH-UPD
_b10
_c20130110
_lUCH01
_h1638
590 _aCONVERSION
_b10
_c20130109
_lUCH01
_h1356
650 1 4 _aHorticultura.
_956291
650 1 4 _aHuertos familiares.
_956726
650 1 4 _aLegumbres.
_965680
901 _aBK
942 _cLIBRO
949 _a635 F33f
_bBC
_cFAO
_d33724002160835
_eFAO1
_gDonaciØn
_h114948
_i112933
_sb
999 _c101273
_d101273